Common sense horsemanship; (Запис № 482678)
[ простий вигляд ]
| 000 -LEADER | |
|---|---|
| fixed length control field | 01613cam a22003611 4500 |
| 001 - CONTROL NUMBER | |
| control field | commonsensehorse00litt |
| 003 - CONTROL NUMBER IDENTIFIER | |
| control field | CaSfIA |
| 005 - DATE AND TIME OF LATEST TRANSACTION | |
| control field | 20210117224949.0 |
| 007 - PHYSICAL DESCRIPTION FIXED FIELD--GENERAL INFORMATION | |
| fixed length control field | cr|||| |
| 008 - FIXED-LENGTH DATA ELEMENTS--GENERAL INFORMATION | |
| fixed length control field | 770222s1951 nyua 000 0 eng |
| 010 ## - LIBRARY OF CONGRESS CONTROL NUMBER | |
| LC control number | 51012768 |
| 040 ## - CATALOGING SOURCE | |
| Original cataloging agency | DLC |
| Transcribing agency | YNG |
| Modifying agency | DLC |
| -- | AGL |
| -- | BTCTA |
| -- | CaSfIA |
| 016 7# - NATIONAL BIBLIOGRAPHIC AGENCY CONTROL NUMBER | |
| Record control number | CAT10504055 |
| Source | DNAL |
| 035 ## - SYSTEM CONTROL NUMBER | |
| System control number | (OCoLC)2755312 |
| 050 00 - LIBRARY OF CONGRESS CALL NUMBER | |
| Classification number | SF309 |
| Item number | .L52 |
| 070 0# - NATIONAL AGRICULTURAL LIBRARY CALL NUMBER | |
| Classification number | 42 |
| Item number | L71 |
| 072 #0 - SUBJECT CATEGORY CODE | |
| Subject category code | L100 |
| 082 00 - DEWEY DECIMAL CLASSIFICATION NUMBER | |
| Classification number | 798.2 |
| 029 1# - (OCLC) | |
| OCLC library identifier | NZ1 |
| System control number | 6462508 |
| 029 1# - (OCLC) | |
| OCLC library identifier | AU@ |
| System control number | 000022939768 |
| 100 1# - MAIN ENTRY--PERSONAL NAME | |
| Personal name | Littauer, Vladimir S. |
| 245 10 - TITLE STATEMENT | |
| Title | Common sense horsemanship; |
| Medium | [electronic resource] |
| Remainder of title | a distinct method of riding and schooling horses and of learning to ride. |
| Statement of responsibility, etc | With two chapters by Alexis Wrangel. Sketches by Berri Chamorel. |
| 250 ## - EDITION STATEMENT | |
| Edition statement | [1st ed.] |
| 260 ## - PUBLICATION, DISTRIBUTION, ETC. (IMPRINT) | |
| Place of publication, distribution, etc | New York, |
| Name of publisher, distributor, etc | Van Nostrand |
| Date of publication, distribution, etc | [1951] |
| 300 ## - PHYSICAL DESCRIPTION | |
| Extent | 333 p. |
| Other physical details | illus. |
| Dimensions | 24 cm. |
| 506 ## - RESTRICTIONS ON ACCESS NOTE | |
| Standardized terminology for access restriction | Необхідна авторизація на https://archive.org/ (створення облікового запису безкоштовно) |
| 506 ## - RESTRICTIONS ON ACCESS NOTE | |
| Standardized terminology for access restriction | Необхідна авторизація на https://openlibrary.org/ (створення облікового запису безкоштовно) |
| 650 #0 - SUBJECT ADDED ENTRY--TOPICAL TERM | |
| Topical term or geographic name as entry element | Horsemanship. |
| 776 08 - ADDITIONAL PHYSICAL FORM ENTRY | |
| Display text | Online version: |
| Main entry heading | Littauer, Vladimir S. |
| Title | Common sense horsemanship. |
| Edition | [1st ed.] |
| Place, publisher, and date of publication | New York, Van Nostrand [1951] |
| Record control number | (OCoLC)608633710 |
| 856 41 - ELECTRONIC LOCATION AND ACCESS | |
| Uniform Resource Identifier | <a href="http://www.archive.org/details/commonsensehorse00litt">http://www.archive.org/details/commonsensehorse00litt</a> |
| Public note | Free eBook from the Internet Archive |
| 856 42 - ELECTRONIC LOCATION AND ACCESS | |
| Uniform Resource Identifier | <a href="http://www.openlibrary.org/books/OL6094966M">http://www.openlibrary.org/books/OL6094966M</a> |
| Public note | Additional information and access via Open Library |
| 942 ## - ADDED ENTRY ELEMENTS (KOHA) | |
| Koha item type | ЕКнига |
Немає доступних примірників.